LEADER 01034nam0 22002651i 450 001 UON00528356 005 20250428011126.812 100 $a20250428d1986 |0itac50 ba 101 $aita 102 $aIT 105 $a|||| ||||| 200 1 $aGinger e Fred$fFederico Fellini$grendiconto di un film a cura di Mino Guerrini$gsceneggiatura di Federico Fellini, Tonino Guerra e Tullio Pinelli 210 $aMilano$cLonganesi$d1986 215 $a278 p. 410 1$1001UON00175778$12001 $aˆLa ‰Gaja scienza$v154 606 $aGinger e Fred $3UONC104704$2FI 620 $aIT$dMilano$3UONL000005 700 1$aFellini$bFederico$3UONV297225$0185913 712 $aLonganesi$3UONV246623$4650 801 $aIT$bSOL$c20250502$gRICA 899 $aSIBA - SISTEMA BIBLIOTECARIO DI ATENEO$2UONSI 912 $aUON00528356 950 $aSIBA - SISTEMA BIBLIOTECARIO DI ATENEO$dSI 0073 $eSI FP 861 5 996 $aGinger e Fred$94371010 997 $aUNIOR